[Event "75th Tata Steel GpA"]
[Site "Wijk aan Zee NED"]
[Date "2013.01.17"]
[Round "5.7"]
[White "Harikrishna, Pentala"]
[Black "Van Wely, Loek"]
[Result "1-0"]
[WhiteTitle "GM"]
[BlackTitle "GM"]
[WhiteElo "2698"]
[BlackElo "2679"]
[WhiteFideId "5007003"]
[BlackFideId "1000268"]
[EventDate "2013.01.12"]

1. e4 c5 2. Nf3 e6 3. d4 cxd4 4. Nxd4 a6 5. Be2 Nf6 6. Nc3 d6 7. O-O Be7 8. a4
Nc6 9. Be3 O-O 10. f4 Qc7 11. Kh1 Re8 12. Bf3 Bd7 13. Nb3 b6 14. g4 Bc8 15. g5
Nd7 16. Bg2 Bb7 17. Rf3 Bf8 18. Rh3 g6 19. Qe1 Bg7 20. Qh4 Nf8 21. Qf2 Nd7 22.
Rf1 Nb4 23. Bd4 Bxd4 24. Nxd4 Nc6 25. f5 Nce5 26. Qh4 h5 27. Nde2 exf5 28. Nf4
Kg7 29. Ncd5 Bxd5 30. Nxd5 Qxc2 31. exf5 Rac8 32. Nf4 Rh8 33. fxg6 fxg6 34. Ne6+
Kg8 35. Bd5 Qd2 36. Qe4 Rc1 37. Rf3 Kh7 38. Rf7+ Nxf7 39. Qxg6+ 1-0